| 000 | 01929nam a22004214a 4500 | ||
|---|---|---|---|
| 001 | ebr10221948 | ||
| 003 | CaPaEBR | ||
| 006 | m u | ||
| 007 | cr cn||||||||| | ||
| 008 | 050223s2006 wiu sb s101 0 eng | ||
| 010 | _z 2005005455 | ||
| 020 | _z0299213102 (cloth : alk. paper) | ||
| 020 | _z0299213145 (pbk. : alk. paper) | ||
| 040 |
_aCaPaEBR _cCaPaEBR |
||
| 035 | _a(OCoLC)223388213 | ||
| 043 |
_ae------ _aff----- _aaw----- |
||
| 050 | 1 | 4 |
_aHQ113 _b.P76 2006eb |
| 082 | 0 | 4 |
_a306.74/0938 _222 |
| 245 | 0 | 0 |
_aProstitutes and courtesans in the ancient world _h[electronic resource] / _cedited by Christopher A. Faraone and Laura K. McClure. |
| 260 |
_aMadison, Wis. : _bUniversity of Wisconsin Press, _cc2006. |
||
| 300 | _ax, 360 p. | ||
| 490 | 1 | _aWisconsin studies in classics | |
| 500 | _aPapers from the conference, "Prostitution in the Ancient World," held in Madison, April 12-14, 2002, hosted by the Classics and Hebrew and Semitic Studies department at the University. | ||
| 504 | _aIncludes bibliographical references (p. 295-327) and index. | ||
| 533 |
_aElectronic reproduction. _bPalo Alto, Calif. : _cebrary, _d2013. _nAvailable via World Wide Web. _nAccess may be limited to ebrary affiliated libraries. |
||
| 650 | 0 |
_aProstitution _zGreece _xHistory _vCongresses. |
|
| 650 | 0 |
_aProstitution _zRome _xHistory _vCongresses. |
|
| 650 | 0 |
_aCourtesans _zGreece _xHistory _vCongresses. |
|
| 650 | 0 |
_aCourtesans _zRome _xHistory _vCongresses. |
|
| 650 | 0 |
_aSex role _zGreece _xHistory _yTo 1500 _vCongresses. |
|
| 650 | 0 |
_aSex role _zRome _xHistory _yTo 1500 _vCongresses. |
|
| 655 | 7 |
_aElectronic books. _2local |
|
| 700 | 1 | _aFaraone, Christopher A. | |
| 700 | 1 |
_aMcClure, Laura, _d1959- |
|
| 710 | 2 | _aebrary, Inc. | |
| 830 | 0 | _aWisconsin studies in classics. | |
| 856 | 4 | 0 |
_uhttp://site.ebrary.com/lib/rucke/Doc?id=10221948 _zAn electronic book accessible through the World Wide Web; click to view |
| 999 |
_c242341 _d242341 |
||